000 00766nam a22001937a 4500
999 _c160330
_d160330
005 20190205112146.0
010 _aB-713103
020 _a9780143428671
_c199.00
035 _aB-713103
037 _bRK Books
082 _a355.10954
100 _aRawat, Rachna Bisht
245 _aShoot. Dive. Fly.:
_bStories of Grit and Adventure from the Indian Army /
_cRachna Bisht Rawat
260 _aGurgaon (Haryana)
_bPenguin Books
_c2017
270 _a7th Floor, Infinity Tower C, DLF Cyber City
_bGurgaon (Haryana)
_e122002
300 _a236p.
_c20cm(pbk)
942 _2ddc
_cEN
_mRAW
_h355.10954